Normal view
MARC view
- Salazar-Palma, Magdalena
Entry Personal Name
001 - CONTROL NUMBER
- control field: 104688
003 - CONTROL NUMBER IDENTIFIER
- control field: NUST
005 - DATE AND TIME OF LATEST TRANSACTION
- control field: 20221213093140.0
008 - FIXED-LENGTH DATA ELEMENTS
- fixed length control field: 221213|| aca||aabn | a|a d
040 ## - CATALOGING SOURCE
- Original cataloging agency: NUST
- Transcribing agency: NUST
100 ## - HEADING--PERSONAL NAME
- Personal name: Salazar-Palma, Magdalena
670 ## - SOURCE DATA FOUND
- Source citation: Work cat.: (NUST)180847: Iterative and self-adaptive finite-elements in electromagnetic modeling /, c1998.
